01213nam0a22002531 4500001001100000005001700011035002600028100004100054101000800095102000700103105001800110200038600128210006600514215002300580606007400603606006300677686002500740686002500765702002800790712008300818801001800901801002200919852001800941rc\214986420260406135256.0 a(NLR Aleph) 006543077 a20110826d1978 |||y0rusy50 ca0 arus aRU aa z |||||1 aСелекционно-генетические и агрофизиологические методы и приемы улучшения технологических качеств и посевных свойств кукурузы и пшеницыeСб. статейfВАСХНИЛ, ВНИИ кукурузыg[Редкол.: В.С. Циков (гл. ред.) и др.] aДнепропетровскcВНИИ кукурузыd1978 a109 с.cил.d21 aПшеница озимаяjСборникиxКачество2psbo aКукурузаjСборникиxКачество2psbo aП212-476я432rubbk aП212-317я432rubbk 1aЦиковbВ.С.434002aВНИИ кукурузыcДнепропетровск3RU\NLR\AUTH\889918243 0aRUbNLRgpsbo 1aRUbELAR2rusmarc aNLRj79-5/500